Engineering ethics / (Record no. 83511)

MARC details
000 -LEADER
fixed length control field 00748nam a22001937a 4500
005 - DATE AND TIME OF LATEST TRANSACTION
control field 20140708124159.0
010 ## - LCCN (DPL NO)
LC control number ENG-109711
020 ## - INTERNATIONAL STANDARD BOOK NUMBER
International Standard Book Number 9788173816765
Terms of availability 215..00
035 ## - SYSTEM CONTROL NUMBER
System control number EN-93244
037 ## - SOURCE OF ACQUISITION
Source of stock number/acquisition DBAD/PUB
082 ## - DEWEY DECIMAL CLASSIFICATION NUMBER
Classification number 174.962
100 ## - MAIN ENTRY--PERSONAL NAME
Personal name Ghosh, Biswanath
245 00 - TITLE STATEMENT
Title Engineering ethics /
Statement of responsibility, etc by Biswanath Ghosh
260 ## - PUBLICATION, DISTRIBUTION, ETC. (IMPRINT)
Place of publication, distribution, etc Kolkata
Name of publisher, distributor, etc New Central Book Agency
Date of publication, distribution, etc 2013(repr.)
270 ## - ADDRESS
Address 8/1 Chintamoni Das Lane
City Kolkata
Postal code 700009
300 ## - PHYSICAL DESCRIPTION
Extent xi,158p.
Dimensions 24cm(pbk)
500 ## - GENERAL NOTE
General note
942 ## - ADDED ENTRY ELEMENTS (KOHA)
Source of classification or shelving scheme Dewey Decimal Classification
Item type English Books
Call number suffix GHO
Classification part 174.962
Holdings
Withdrawn status Lost status Not for loan Collection code Home library Current library Date acquired Source of acquisition Cost, normal purchase price Full call number Barcode Copy number Cost, replacement price Koha item type
    Not For Loan Non-fiction D.B.Act.Division D.B.Act.Division 16/04/2014 DBAD/PUB 215.00 174.962 GHO EN-93244 1 215.00 English Books

© Delhi Public Library
Hit Counter
free hit counter